| 000 | 01710nam a2200517 i 4500 | ||
|---|---|---|---|
| 001 | 6844 | ||
| 003 | KOSZ 005 | ||
| 005 | 20200624083446.0 | ||
| 008 | 080329s1965 pl a fad |000 0 pol | ||
| 015 | _aPB 1965/6358 | ||
| 035 | _a991041071599705066 | ||
| 035 | _a(PL-WaBN)b20967238-48omnis_nlop | ||
| 035 | _ab20967238 | ||
| 035 | _a(OCoLC)831342830 | ||
| 035 | _a(PL)b0000002096723 | ||
| 035 | _a(EXLNZ-48OMNIS_NETWORK)9910318753005606 | ||
| 040 |
_aWA N _cWA N _dKOSZ 005/EC |
||
| 041 | _apol | ||
| 046 | _k1965 | ||
| 080 | _a159.9 | ||
| 080 | _a(03) | ||
| 100 | 1 |
_aEkel, Jerzy. _eAutor |
|
| 245 | 1 | 0 |
_aMały słownik psychologiczny / _cJerzy Ekel, Jan Jaroszyński, Jadwiga Ostaszewska. |
| 260 |
_aWarszawa : _b"Wiedza Powszechna", _c1965. |
||
| 300 |
_a181, [3] s. : _bil. ; _c23 cm. |
||
| 336 |
_2rdacontent _aTekst _btxt |
||
| 337 |
_2rdamedia _aBez urządzenia pośredniczącego _bn |
||
| 338 |
_2rdacarrier _aWolumin _bnc |
||
| 380 | _aKsiążki | ||
| 380 | _aPublikacje naukowe | ||
| 388 | _a1901-2000 | ||
| 388 | _a1989-2000 | ||
| 490 | 1 | _aWydawnictwa Popularno-Encyklopedyczne | |
| 650 | 7 |
_aPsychologia _2DBN |
|
| 650 | 2 | _aMianownictwo | |
| 655 | 7 |
_aEncyklopedia _2DBN |
|
| 655 | 7 | _aSłownik terminologiczny | |
| 658 | _aPsychologia | ||
| 700 | 1 |
_aJaroszyński, Jan _d(1916-1993). _eAutor |
|
| 700 | 1 |
_aOstaszewska, Jadwiga. _eAutor |
|
| 710 | 2 |
_aPaństwowe Wydawnictwo Wiedza Powszechna _4pbl |
|
| 830 | 0 | _aWydawnictwa Popularno-Encyklopedyczne | |
| 856 |
_uhttp://koha.tu.koszalin.pl/cgi-bin/koha/opac-detail.pl?biblionumber=6844 _yKatalog online BPK |
||
| 942 |
_2UKD _cKS |
||
| 999 |
_c6844 _d6844 |
||